Mechanised police patrol.

Bibliographic Details
Main Author: Popkess, Athelstan
Format: Book
Language:English
Published: London : Police Journal, [19 ?]
Subjects:

MARC

Tag First Indicator Second Indicator Subfields
LEADER 00000cam a2200000 4500
001 in00000054888
005 20151008052126.0
008 800509q19001954enk 00000 eng d
035 |a (OCoLC)06302167 
035 |9 AAH1802AM 
040 |a TXA  |c TXA  |d UtOrBLW 
049 |a TXAM  |c [235915] 
090 |a HV8025  |b .P6 1949 
092 |a 364.46  |b P828m 
100 1 |a Popkess, Athelstan. 
245 1 0 |a Mechanised police patrol. 
264 1 |a London :  |b Police Journal,  |c [19 ?] 
300 |a 168 pages 
336 |a text  |b txt  |2 rdacontent 
337 |a unmediated  |b n  |2 rdamedia 
338 |a volume  |b nc  |2 rdacarrier 
650 0 |a Police  |z United States. 
650 0 |a Criminal investigation. 
999 |a MARS 
999 f f |s ee47335e-3a0a-34aa-b73c-4887ee060591  |i 32c37cb2-b30c-3e95-82f9-2e9d92e970ea  |t 0 
952 f f |p ric  |a Texas A&M University  |b Rellis Campus  |c Joint Library Facility  |s JLF  |d Remote Storage  |t 0  |e HV8025 .P6 1949  |h Library of Congress classification  |i unmediated -- volume  |m A14800814294 
998 f f |a HV8025 .P6 1949  |t 0  |l Remote Storage